000 003930000a22001690004500
003 MACL
005 20160120123803.0
008 160120b xxu||||| |||| 00| 0 eng d
040 _aMACL
_cMACL
041 _aEnglish
082 _a160
100 _aMacmillan
_933566
245 _aTest Of Reasoning
260 _bMacmillan
_c1992
_aNew Delhi
650 _aLogic
_921842
942 _cBK
_k160
_2ddc
999 _c31802
_d31802